000 00861nam a2200265 a 4500
003 DO-SdBNP
005 20171212144352.0
008 150826 19uu sp a 000 0 spa d
040 _aBPMSU
_bspa
_cBPMSU
082 _axxx
_bT969a
100 1 _aTwain, Mark
240 1 0 _athe adventures of Tom Sawyer
245 1 4 _aLes aventures de Ton Sawyer /
_cMark Twain ; tradución Maria Antónia Oliver ; ilustración D´Isidre Monés
260 _aMadrid :
_bLa Galera,
_c[19--].
300 _a273 p. :
_bil. ;
_c20 cm.
490 0 _aEnciclopédia Catalana
_v10
500 _aLibro de pasta dura.
700 1 _aOliver, Maria Antónia
_etrad.
700 1 _aMonés, D´Isidre
_eil.
830 0 _aEnciclopédia Catalana
_n10
910 _a00144
942 _2ddc
_cBK
945 _aInventariado extranjero 2017 / YL
956 _aYngrid Lockward
_b10
_2YLOCKWARD
_8BPMSU
999 _c9744
_d9744